| 000 | 00643nam a2200205Ia 4500 | ||
|---|---|---|---|
| 003 | GCL | ||
| 008 | 140319s9999 xx 000 0 ara d | ||
| 040 |
_aGCL / _cGCL |
||
| 082 | 0 | 4 |
_a320.513 _bف ن |
| 100 | 1 | _aفوكوياما، فرانسيس | |
| 245 | 1 | 0 |
_aنهاية التاريخ / _cفوكوياما، فرانسيس |
| 700 | 1 | _aحسين الشيخ (مترجم) | |
| 260 |
_a[S.N] : _bدار العلوم العربية ، _c1993 |
||
| 300 | _a279 ص | ||
| 490 | _a | ||
| 650 | 0 | 4 | _aالاحوال السياسية |
| 650 | 0 | 4 | _aالقوى العظمى |
| 650 | 0 | 4 | _aالنظام العالمى الحديث |
| 942 |
_2ddc _cBK |
||
| 999 |
_c28082 _d28082 |
||